| 000 | 00418nam a2200157Ia 4500 | ||
|---|---|---|---|
| 008 | 231217s9999 xx 000 0 und d | ||
| 041 | _aEnglish | ||
| 082 | _a001.6424WIN SYC | ||
| 100 | _aSyck, Gary | ||
| 245 | 0 | _aObject windows how-to: The definitive Borland C++ problem solver for windows | |
| 250 | _a1st ed. | ||
| 260 |
_c1993 _bGalgotia |
||
| 300 | _a424 | ||
| 650 | _aWindows Borland C++ | ||
| 942 | _cAA | ||
| 999 |
_c163346 _d163346 |
||